Phát triển kinh tế xã hội của Đồng Tháp
Wedi'i Gadw mewn:
| Fformat: | Llyfr |
|---|---|
| Iaith: | Chinese |
| Tagiau: |
Ychwanegu Tag
Dim Tagiau, Byddwch y cyntaf i dagio'r cofnod hwn!
|
| Thư viện lưu trữ: | Trung tâm Học liệu Lê Vũ Hùng, Trường Đại học Đồng Tháp |
|---|
| LEADER | 00627aam a22002778a 4500 | ||
|---|---|---|---|
| 001 | 00039755 | ||
| 005 | 20171026081025.0 | ||
| 008 | 170520s ||||||chisd | ||
| 041 | 0 | # | |a chi |
| 082 | 1 | 4 | |a 330.9 |b PH110TR |
| 245 | 1 | 0 | |a Phát triển kinh tế xã hội của Đồng Tháp |
| 300 | # | # | |a 35 tr. |c 29 cm. |
| 852 | # | # | |b Kho đọc |j KD.1001799 |
| 910 | |d 20/05/2017 | ||
| 980 | # | # | |a Trung tâm Học liệu Lê Vũ Hùng, Trường Đại học Đồng Tháp |